Centenario da descoberta da America por Christovam Colombo 1492-1892. (Record no. 54634)

MARC details
000 -LEADER
campo de control de longitud fija 00658nam a2200157 i 4500
001 - NÚMERO DE CONTROL
campo de control 54634
003 - IDENTIFICADOR DE NÚMERO DE CONTROL
campo de control ES-MaACL
007 - CAMPO FIJO DE DESCRIPCIÓN FÍSICA--INFORMACIÓN GENERAL
campo de control de longitud fija t|
008 - DATOS DE LONGITUD FIJA--INFORMACIÓN GENERAL
campo de control de longitud fija 040108s1892 po ||||1| por d
245 00 - MENCIÓN DEL TÍTULO
Título Centenario da descoberta da America por Christovam Colombo 1492-1892.
260 ## - PUBLICACIÓN, DISTRIBUCIÓN, ETC.
Lugar de publicación, distribución, etc. Ponta Delgada :
Nombre del editor, distribuidor, etc. [s.n.],
Fecha de publicación, distribución, etc. 1892 (
Fabricante Tip. do Archivo dos Açores)
300 ## - DESCRIPCIÓN FÍSICA
Extensión 12 p. ;
Dimensiones 31 cm.
505 8# - NOTA DE CONTENIDO CON FORMATO
Nota de contenido con formato Contiene: Do descobrimiento das Antilhas... : cap. 22 do Livro 1º das Saudades da Terra / do Dr. Gaspar Fructuoso -- Carta do Dr. Jeronymo Monetario (Munzmeister) a D. Joâo II de 14 de julio de 1493.
700 1# - ENTRADA AGREGADA--NOMBRE PERSONAL
Nombre de persona Fructuoso, Gaspar.
9 (RLIN) 52762
852 ## - LOCALIZACIÓN
Ubicación ES-MaACL
Número de control de estantería T-652-F-7
Holdings
Estatus retirado Estado de pérdida Estado de daño No para préstamo Colección Biblioteca de origen Biblioteca actual Ubicación en estantería Fecha de adquisición Fuente de adquisición Total de préstamos Signatura topográfica completa Código de barras Visto por última vez Precio de reemplazo Tipo de ítem Koha
        Colección de folletos Biblioteca del Ateneo de Madrid Biblioteca del Ateneo de Madrid Depósito folletos 17/01/2008     T-652-F-7 1057407 23/02/2023 23/02/2023 Folleto